000 01307naa a22003377a 4500
001 BR7802730
003 BR-BrBNA
005 20240918174057.0
007 ta
008 230509b bl.||||| |||| 00| 0 por d
040 _aBR-BrBNA
_bpor
_cBiblioteca Nacional de Agricultura
041 _a(Pt)
072 _aF30
_b0331
_bG514
090 _aF30 BR7802730
100 1 _aMamede, F.B.F.
100 1 _aTavora, F.J.A.F.
100 1 _aSobral, C.A.M.
245 1 _aEnsaio de competicao de cultivares de mamona, Ricinus communis L. em dois municipios do Estado do Ceara, Brasil [Pacajus, Redencao]
260 3 _aFortaleza, CE (Brasil):
_c1977.
500 _aConvenio BNB/UFC. Programa de experimentacao com as culturas do amendoim, mamona e soja no Estado do Ceara. Relatorio de pesquisa 1976 Fortaleza, CE (Brasil): 1977. p. 69-76 (BR7802730-AM)F30
650 _aMAMONA
650 _aCOMPETICAO DE VARIEDADE
650 _aPRATICA CULTURAL
650 _aADUBACAO
650 _aNPK
650 _aSEMENTE
650 _aCEARA
773 0 _tConvenio BNB/UFC. Programa de experimentacao com as culturas do amendoim, mamona e soja no Estado do Ceara. Relatorio de pesquisa 1976
_wF30 BR7802730
_gFortaleza, CE (Brasil), 1977. p. 69-76
909 _a202404
_bLucia
_c55
_dLucia Elande
942 _cAM
_2AGRIS
999 _c308763
_d308763